|
|
|
|
| LEADER |
01907nam a2200277 a 4500 |
| 001 |
GR-MES1060 |
| 008 |
991111s2000 gr b 000 0 gre d |
| 020 |
|
|
|a 9607121228
|
| 040 |
|
|
|a GrPaTEI
|b gre
|c GR-PaULI
|
| 082 |
|
0 |
|a 338.479 1
|
| 082 |
|
0 |
|a Η
|
| 100 |
1 |
|
|a Ηγουμενάκης, Νίκος Γ.
|
| 245 |
1 |
0 |
|a Προϋποθέσεις για τη χάραξη και εφαρμογή μιας ρεαλιστικής πολιτικής τουριστικής ανάπτυξης /
|c Ν. Ηγουμενάκης.
|
| 260 |
|
|
|a Αθήνα :
|b Ινστιτούτο Τεχνολογικής Εκπαίδευσης,
|c 2000
|
| 300 |
|
|
|a 76σ. :
|b διαγρ. ;
|c 24εκ.
|
| 504 |
|
|
|a Περιλαμβάνει βιβλιογραφία.
|
| 610 |
0 |
4 |
|a Ινστιτούτο τεχνολογικής εκπαίδευσης
|
| 650 |
|
4 |
|a Τουρισμός
|
| 650 |
|
4 |
|a Τουρισμός
|x Οικονομικές απόψεις
|
| 942 |
|
|
|2 ddc
|
| 952 |
|
|
|0 0
|1 0
|2 ddc
|4 0
|6 338_479000000000000_1_ΗΓΟ
|7 0
|9 264897
|a MSLG
|b MSLG
|c BSC
|d 2021-01-17
|e 24
|f 1
|g 0.00
|l 0
|o 338.479 1 ΗΓΟ
|p 2420000018708
|r 2021-01-17 00:00:00
|t 1
|w 2021-01-17
|y BK15
|x 20080404 0 ΓΑΒΡΙΝΑ 1
|x GrPaTEI
|
| 952 |
|
|
|0 0
|1 0
|2 ddc
|4 0
|6 338_479000000000000_1_ΗΓΟ
|7 0
|9 264898
|a MSLG
|b MSLG
|c BSC
|d 2021-01-17
|e 24
|f 0
|g 0.00
|l 0
|o 338.479 1 ΗΓΟ
|p 2420000018709
|r 2021-01-17 00:00:00
|t 1
|w 2021-01-17
|y BK15
|x 20080404 0 ΓΑΒΡΙΝΑ 1
|x GrPaTEI
|
| 952 |
|
|
|0 0
|1 0
|2 ddc
|4 0
|6 338_479000000000000_1_ΗΓΟ
|7 0
|9 264899
|a MSLG
|b MSLG
|c BSC
|d 2021-01-17
|e 24
|f 0
|g 0.00
|l 0
|o 338.479 1 ΗΓΟ
|p 2420000018710
|r 2021-01-17 00:00:00
|t 1
|w 2021-01-17
|y BK15
|x 20080404 0 ΓΑΒΡΙΝΑ 1
|x GrPaTEI
|
| 952 |
|
|
|0 0
|1 0
|2 ddc
|4 0
|6 338_479000000000000_1_ΗΓΟ
|7 0
|9 264900
|a MSLG
|b MSLG
|c BSC
|d 2021-01-17
|e 24
|f 0
|g 0.00
|l 0
|o 338.479 1 ΗΓΟ
|p 2420000018720
|r 2021-01-17 00:00:00
|t 1
|w 2021-01-17
|y BK15
|x 20080404 0 ΓΑΒΡΙΝΑ 1
|x GrPaTEI
|
| 971 |
|
|
|a .b25721021
|b 08-10-20
|c 13-09-16
|
| 999 |
|
|
|c 152341
|d 152341
|